000 00608nam a2200181 4500
001 139277
003 ES-MaACL
005 20250321174957.0
007 t|
008 070214s1967 sp r ||||1| spa d
100 1 _aSarraute, Nathalie.
_9103853
245 1 3 _aLa era del recelo
_b: ensayos sobre la novela /
_cNathalie Sarraute ; traducción al español de Gonzalo Torrente Ballester.
260 _aMadrid :
_bGuadarrama,
_c1967.
300 _a119 p. ;
_c18 cm.
700 1 _aTorrente Ballester, Gonzalo,
_d1910-1999
_9110850
852 _aES-MaACL
_jC-33882
_bR.64576
999 _c139277
_d139277